000 00363pab a2200157 454500
008 180718b2010 xxu||||| |||| 00| 0 eng d
100 _aShahabuddin, Ghazala
245 _aAn elephantine task
260 _c2010
300 _ap.38-39.
362 _a4 Dec
650 _aWild animals
773 _aEconomic and Political Weekly
908 _aN
909 _a90190
999 _c90190
_d90190